Pablo Picosso: el pájaro pintor íngel Malo; ilustraciones de Enrique Malo (Record no. 22282)

MARC details
000 -LEADER
campo de control de longitud fija 00359nam a2200133Ia 4500
008 - DATOS DE LONGITUD FIJA--INFORMACIÓN GENERAL
campo de control de longitud fija 231129s2003||||xx |||||||||||||| ||spa||
040 ## - FUENTE DE CATALOGACIÓN
Lengua de catalogación spa
082 ## - NÚMERO DE LA CLASIFICACIÓN DECIMAL DEWEY
Número de clasificación (i) 808.068543 M257p
100 ## - ENTRADA PRINCIPAL--NOMBRE DE PERSONA
Nombre de persona Malo Angel
245 #0 - MENCIÓN DEL TÍTULO
Título Pablo Picosso: el pájaro pintor íngel Malo; ilustraciones de Enrique Malo
260 ## - PUBLICACIÓN, DISTRIBUCIÓN, ETC.
Fecha de publicación, distribución, etc. 2003
264 ## - PRODUCCIÓN, PUBLICACIÓN, DISTRIBUCIÓN, FABRICACIÓN Y COPYRIGHT
Producción, publicación, distribución, fabricación y copyright Alfaguara
942 ## - ELEMENTOS DE ENTRADA SECUNDARIOS (KOHA)
Fuente del sistema de clasificación o colocación Clasificación Decimal Dewey
Tipo de ítem Koha
Holdings
Estatus retirado Estado de pérdida Fuente del sistema de clasificación o colocación Estado de daño No para préstamo Biblioteca de origen Biblioteca actual Fecha de adquisición Total de préstamos Signatura topográfica completa Código de barras Visto por última vez Copia número Precio de reemplazo Tipo de ítem Koha
    Clasificación Decimal Dewey     BIBLIOTECA PÚBLICA MUNICIPAL RAMON CORREA MEJIA BIBLIOTECA PÚBLICA MUNICIPAL RAMON CORREA MEJIA 09/07/2009   (i) 808.068543 M257p 28827 29/11/2023 1 29/11/2023 Libros
    Clasificación Decimal Dewey     BIBLIOTECA PÚBLICA MUNICIPAL RAMON CORREA MEJIA BIBLIOTECA PÚBLICA MUNICIPAL RAMON CORREA MEJIA 09/07/2009   (i) 808.068543 M257p 28828 29/11/2023 2 29/11/2023 Libros

Powered by Koha